| 000 | 00887nam a2200277Ia 4500 | ||
|---|---|---|---|
| 003 | GCL | ||
| 008 | 140319s9999 xx 000 0 ara d | ||
| 040 |
_aGCL / _cGCL |
||
| 082 | 0 | 4 |
_a633.8859 _bم م |
| 100 | 1 | _aمحمد عبدو والعودات | |
| 245 | 1 | 0 |
_aالمحاصيل الزراعية فى المملكة العربية السعودية / _cمحمد عبدو والعودات |
| 700 | 1 | _aعبدالله محمد الشيخ | |
| 700 | 1 | _aاحمد محمد مجاهد | |
| 260 |
_a[S.N] : _bدار المريخ للنشر |
||
| 300 | _a245 ص | ||
| 490 | _a | ||
| 650 | 0 | 4 | _aالزراعة |
| 650 | 0 | 4 | _aالسعودية |
| 650 | 0 | 4 | _aالفواكهة |
| 650 | 0 | 4 | _aالمحاصيل الزراعية |
| 650 | 0 | 4 | _aالخضروات |
| 650 | 0 | 4 | _aاقتصاديات |
| 650 | 0 | 4 | _aالانتاج الزراعى |
| 650 | 0 | 4 | _aالمحاصيل |
| 942 |
_2ddc _cBK |
||
| 999 |
_c32639 _d32639 |
||